Topological fixed point principles for boundary value problems

Αποθηκεύτηκε σε:
Λεπτομέρειες βιβλιογραφικής εγγραφής
Κύριος συγγραφέας: Andres, Jan
Άλλοι συγγραφείς: Gorniewicz, Lech
Μορφή: Βιβλίο
Γλώσσα:English
Δημοσίευση: Dordrecht : Kluwer Academic Publishers, c2003
Σειρά:Topological fixed point theory and its applications ; ; 1
Θέματα:
Ετικέτες: Προσθήκη ετικέτας
Δεν υπάρχουν, Καταχωρήστε ετικέτα πρώτοι!

MARC

LEADER 00000nam a2200000 i 4500
001 1/57240
008 071008s2003 eng d
020 |a 1-4020-1380-9 (alk. paper) 
035 |l 10091284 
040 |a GR-MY-UA  |b gre  |e aacr 
041 0 |a eng 
082 0 |a 515.7248  |2 (22) 
100 1 |a Andres, Jan. 
245 1 0 |a Topological fixed point principles for boundary value problems /  |c by Jan Andres and Lech Gorniewicz 
260 |a Dordrecht :   |b Kluwer Academic Publishers,   |c c2003 
300 |a xv, 761 σ.;  |b εικ.;  |c 25 εκ. 
490 1 |a Topological fixed point theory and its applications  |v ; 1 
504 |a Βιβλιογραφία: σ. 697-753. Ευρετήριο 
650 0 0 |a Fixed point theory. 
650 0 0 |a Boundary value problems. 
700 1 |a Gorniewicz, Lech. 
830 0 |a Topological fixed point theory and its applications ;  |v ; 1 
852 |a INST  |b SYROS  |e 20071008  |h 515.7248 AND  |p 005500007076  |q 005500007076  |t BK  |y 0 
901 |a BIBL5-2007-3 
909 |a Ε  |b 138188 
922 |a 5ΕΛΗ  |b 200707  |c ΕΠΕΑΕΚ2/ΤΜΣΠΣ  |d ΠΑΠΑΣΩΤΗΡΙΟΥ 
970 |a ΚΟΝΤΟΥ  |b ΠΑΡΑΣΚΕΥΗ  |z 2007/10/08